000 01278cam a2200337 4500500
005 20251228065552.0
041 _afre
042 _adc
100 1 0 _aOuaki, Séverine
_eauthor
245 0 0 _aLa fabrique d’un Nous-à-je ou L’accueil des petits riens
260 _c2020.
500 _a54
520 _aComment la rencontre et le nouage transférentiel sont rendus possibles au sein d’une institution qui s’engage à accueillir et à protéger un certain travail psychothérapeutique, concentré sur l’écoute d’un langage (verbal et non verbal), auprès d’une population vulnérable dans une région dépourvue en structures de soin adaptées.
690 _aAccueil
690 _acmpp
690 _acorps
690 _aenfants
690 _aéquipe
690 _alangage
690 _amise en récit
690 _anon verbal
690 _aparents
690 _apluridisciplinarité
690 _apsychothérapie de groupe
690 _arelations
690 _arencontre
690 _arepli
690 _asensorialité
786 0 _nVST - Vie sociale et traitements | 145 | 1 | 2020-02-11 | p. 22-26 | 0396-8669
856 4 1 _uhttps://shs.cairn.info/revue-vie-sociale-et-traitements-2020-1-page-22?lang=fr&redirect-ssocas=7080
999 _c1591787
_d1591787